| 000 | 00671cam a2200217 a 4500 | ||
|---|---|---|---|
| 001 | 000009082 | ||
| 005 | 20200929161501.0 | ||
| 008 | 900326s1988 cu 000 j spa | ||
| 040 |
_aDO-SdBNP _cDLC |
||
| 082 |
_aCu863.44 _bC157s |
||
| 100 | 1 |
_aCallejas, Bernardo, _d1941- _916225 |
|
| 245 | 1 | 4 |
_aLos semblantes, las palabras / _cBernardo Callejas. |
| 260 |
_aLa Habana : _bUnión de Escritores y Artistas de Cuba, _cc1988. |
||
| 300 |
_a176 p. ; _c19 cm. |
||
| 490 | 1 | _aContemporáneos | |
| 650 | 4 |
_aCuentos cubanos _91482 |
|
| 650 | 4 |
_aLiteratura cubana _ySIGLO XX _99186 |
|
| 830 | 0 |
_aContemporáneos _96941 |
|
| 910 | _aCatalogación por copia / LC | ||
| 049 | _aBNGR | ||
| 999 |
_c8846 _d8846 |
||